000 00719nam a2200217 a 4500
005 20250605063847.0
008 991125s1978 bue 000 0 spa u
020 _a8403521073
035 _aUPN01000047285
049 _aCG
050 4 _aB2591 P7.3
_bL4.78 1978
100 1 _aLeibniz, Gottfried Wilhelm,
_d1646-1716
_928979
245 1 3 _aLa profesión de fé del filósofo /
_cGottfried W. Leibniz ; tr. del latín, pról. y notas de Francisco de P. Samaranch.
260 _aBuenos Aires :
_bAguilar,
_c1978.
300 _a116 p.
440 0 _aBiblioteca de iniciación filosófica ;
_v104
650 4 _aFilosofía alemana
_97273
650 4 _aFilosofía moderna
_98266
650 2 _aVerdad
_914398
905 _aLibro
999 _c47285
_d47285